01434nam a2200301 4500952010500000999001900105005001700124008004100141020001500182082001700197100003100214240004000245245012700285250001800412260003000430300005000460336001000510337001400520338001400534500012700548505022900675519011100904650001501015650002501030700002701055700004301082942000701125 00104070a01b01d2017-05-27l1o659.1 D599pp01 007041r2018-05-31s2018-05-31t1w2017-05-27yLB c102017d10201720231102152029.0170527s1981 mx ao||| |||| 00| 0 spa d a9682600375 a659.1bD599p1 aDirksen, Charles J.eautor aAdvertising principles and problems aPrincipios y problemas de la publicidadc/ Charles J. Dirksen, Arthur Kroeger ; traducción de José Alfonso Garza Rusca a2a. edición aMéxicob: CECSAc, 1981 a650 páginasb: ilustradiones, fotografías atexto asin medio avolúmen aIncluye: Casos al final de cada capítulo ; Fuentes de la información suplementaria p. 633 ; Índice de cacos pag. 641 aConceptos publicitarios Estrategia publicitaria Preparación del anuncio Composición de medios de difusión Encuenstas publicitarias Integración de los planes publicitarios Aspectos legales Información suplementaria  aPlan Flexible / bCiencias de la Comunicación /cTaller de Campañas Publicitarias (P07-2)d(01 007041)14aPUBLICIDAD24aPROPAGANDA COMERCIAL aKroeger, Arthureautor aGarza Rusca, José Alfonsoetraductor cLB